00297nam a2200121Ia 4500008004100000100002100041245003800062260002500100300001400125650001400139942000700153999001500160190216s9999||||xx |||||||||||||| ||und|| aMisra Baidyanath 0aCapitalism Socialism And Planning bOxford & I B Hc1972 a428 pages aEconomics cBK c9845d9845